[Event "25th Klatovy A 2017"]
[Site "Klatovy CZE"]
[Date "2017.07.08"]
[Round "8.31"]
[White "Hlavac, Rudolf"]
[Black "Hacaperka, Michal"]
[Result "0-1"]
[WhiteElo "2031"]
[BlackElo "1846"]
[PlyCount "162"]
[EventDate "2017.07.01"]
[EventType "swiss"]
[EventRounds "9"]
[EventCountry "CZE"]
[SourceTitle "EXT 2018"]
[Source "ChessBase"]
[SourceDate "2017.10.13"]
[SourceVersion "1"]
[SourceVersionDate "2017.10.13"]
[SourceQuality "1"]

1. e4 c5 2. Nf3 d6 3. d4 cxd4 4. Qxd4 Nc6 5. Bb5 Bd7 6. Bxc6 Bxc6 7. c4 f5 8. exf5 Qa5+ 9. Nc3 Qxf5 10. O-O Bxf3 11. gxf3 Qxf3 12. Re1 Nf6 13. Qxd6 Qg4+ 14. Qg3 Qxc4 15. h3 Kf7 16. Be3 e6 17. Rac1 Be7 18. b3 Qd3 19. Qc7 Rac8 20. Qe5 Bd6 21. Qd4 Qxd4 22. Bxd4 Ba3 23. Rcd1 Rhd8 24. Re3 Bb2 25. Nb5 a6 26. Rdd3 Bc1 27. Bxf6 gxf6 28. Nd6+ Rxd6 29. Rxd6 Bxe3 30. fxe3 Rc1+ 31. Kf2 Rc2+ 32. Kf3 Rxa2 33. Rd7+ Kg6 34. Rxb7 Rb2 35. Rb6 e5 36. Ke4 a5 37. Rb5 h5 38. Kd3 Kf5 39. Kc3 Ra2 40. Rb6 Rh2 41. Ra6 Rxh3 42. Kd3 Rh4 43. Rxa5 Rb4 44. Kc3 Rb8 45. Ra1 Ke4 46. Rh1 Kxe3 47. Rh3+ Ke4 48. Rh4+ Kd5 49. Rxh5 Rc8+ 50. Kd3 Rb8 51. Kc3 Rb6 52. Rh6 Rc6+ 53. Kd3 e4+ 54. Ke2 Ke5 55. Rh8 Rb6 56. Rh3 f5 57. Rc3 Rb5 58. Rh3 Kd4 59. Rh5 Ke5 60. Rh3 Rb4 61. Rg3 f4 62. Rg8 f3+ 63. Kf2 Rxb3 64. Re8+ Kd4 65. Rd8+ Kc5 66. Re8 Rb4 67. Ke3 Kd6 68. Rf8 Ke7 69. Rf4 Ke6 70. Rf8 Ke5 71. Re8+ Kf5 72. Rf8+ Kg4 73. Rg8+ Kh3 74. Rg7 Kh4 75. Rg8 Rb3+ 76. Kf4 Kh3 77. Rh8+ Kg2 78. Rg8+ Kf1 79. Ra8 f2 80. Ra1+ Kg2 81. Ra2 Kg1 0-1

[Event "25th Klatovy A 2017"]
[Site "Klatovy CZE"]
[Date "2017.07.08"]
[Round "8.32"]
[White "Kubat, Miroslav"]
[Black "Kunc, Jan"]
[Result "1-0"]
[WhiteElo "1983"]
[BlackElo "2015"]
[PlyCount "69"]
[EventDate "2017.07.01"]
[EventType "swiss"]
[EventRounds "9"]
[EventCountry "CZE"]
[SourceTitle "EXT 2018"]
[Source "ChessBase"]
[SourceDate "2017.10.13"]
[SourceVersion "1"]
[SourceVersionDate "2017.10.13"]
[SourceQuality "1"]

1. e4 c5 2. f4 Nc6 3. Nf3 g6 4. Be2 Bg7 5. O-O d6 6. d3 e5 7. Nc3 Nge7 8. Be3 Nd4 9. Rb1 Qa5 10. a4 a6 11. Bd2 Qc7 12. Nd5 Nxd5 13. exd5 exf4 14. Bxf4 O-O 15. c3 Nf5 16. Qd2 Re8 17. Rbe1 Bd7 18. Bd1 b5 19. axb5 axb5 20. Ng5 Rxe1 21. Rxe1 h5 22. Ne4 Ra1 23. h3 h4 24. Bg4 Ra6 25. Bg5 Be5 26. Bxf5 Bxf5 27. Nf6+ Kf8 28. d4 cxd4 29. cxd4 Qa7 30. Kh1 Ra1 31. dxe5 Rxe1+ 32. Qxe1 dxe5 33. Qxe5 Qa1+ 34. Kh2 Qa8 35. Bh6# 1-0

[Event "25th Klatovy A 2017"]
[Site "Klatovy CZE"]
[Date "2017.07.08"]
[Round "8.33"]
[White "Ruzickova, Radka"]
[Black "Kucera, Tomas"]
[Result "1/2-1/2"]
[WhiteElo "1836"]
[BlackElo "1993"]
[PlyCount "45"]
[EventDate "2017.07.01"]
[EventType "swiss"]
[EventRounds "9"]
[EventCountry "CZE"]
[SourceTitle "EXT 2018"]
[Source "ChessBase"]
[SourceDate "2017.10.13"]
[SourceVersion "1"]
[SourceVersionDate "2017.10.13"]
[SourceQuality "1"]

1. e4 c5 2. Be2 e6 3. d3 g6 4. f4 Bg7 5. Nf3 Nc6 6. O-O Nge7 7. Qe1 d6 8. Nbd2 O-O 9. Qh4 Qc7 10. Ng5 h6 11. Nh3 b6 12. c3 f5 13. g4 Bd7 14. gxf5 exf5 15. Bd1 Be6 16. Bc2 Qd7 17. Nf2 Rf7 18. Nf3 Raf8 19. Qg3 Kh7 20. Kh1 Qc7 21. Nh4 Bf6 22. Rg1 Rg7 23. Nf3 1/2-1/2

[Event "25th Klatovy A 2017"]
[Site "Klatovy CZE"]
[Date "2017.07.08"]
[Round "8.34"]
[White "Bartonicek, Zdenek Jr"]
[Black "Kohout, Josef 1953"]
[Result "1/2-1/2"]
[WhiteElo "2039"]
[BlackElo "1896"]
[PlyCount "107"]
[EventDate "2017.07.01"]
[EventType "swiss"]
[EventRounds "9"]
[EventCountry "CZE"]
[SourceTitle "EXT 2018"]
[Source "ChessBase"]
[SourceDate "2017.10.13"]
[SourceVersion "1"]
[SourceVersionDate "2017.10.13"]
[SourceQuality "1"]

1. d4 e6 2. c4 f5 3. g3 Nf6 4. Bg2 Be7 5. Nf3 O-O 6. O-O a5 7. Nc3 Ne4 8. Qc2 Nxc3 9. bxc3 d5 10. cxd5 exd5 11. c4 c6 12. cxd5 cxd5 13. Ne5 Na6 14. Bd2 Be6 15. Qb3 Bb4 16. Bxb4 Nxb4 17. e3 Qd6 18. a3 Nc6 19. Nd3 Rfb8 20. Nf4 Ne7 21. h4 Bf7 22. Rfc1 b6 23. Rc3 Rc8 24. Rac1 Rxc3 25. Rxc3 h6 26. h5 Rd8 27. Qc2 Kf8 28. Bf3 Qd7 29. Rc7 Qb5 30. a4 Qe8 31. Qb3 Rd6 32. Qc2 Rd8 33. Be2 Rc8 34. Bb5 Qd8 35. Rxc8 Qxc8 36. Qxc8+ Nxc8 37. Kf1 Ke7 38. Ke2 Kd6 39. Kd3 Na7 40. Ba6 Be8 41. Bb7 Bxa4 42. Bxd5 Bb5+ 43. Kc3 Bc6 44. Ba2 Nb5+ 45. Kb2 Nc7 46. Kc3 Nd5+ 47. Bxd5 Bxd5 48. Nxd5 Kxd5 49. f3 b5 50. Kd3 b4 51. e4+ fxe4+ 52. fxe4+ Kd6 53. Kc4 Kd7 54. Kb3 1/2-1/2

[Event "25th Klatovy A 2017"]
[Site "Klatovy CZE"]
[Date "2017.07.08"]
[Round "8.35"]
[White "Ondrejat, Miroslav"]
[Black "Kubat, Martin"]
[Result "1/2-1/2"]
[WhiteElo "2010"]
[BlackElo "1828"]
[PlyCount "85"]
[EventDate "2017.07.01"]
[EventType "swiss"]
[EventRounds "9"]
[EventCountry "CZE"]
[SourceTitle "EXT 2018"]
[Source "ChessBase"]
[SourceDate "2017.10.13"]
[SourceVersion "1"]
[SourceVersionDate "2017.10.13"]
[SourceQuality "1"]

1. d4 Nf6 2. c4 g6 3. Nc3 Bg7 4. e4 d6 5. Nf3 O-O 6. Be2 e5 7. O-O Nc6 8. d5 Ne7 9. Ne1 Ne8 10. Nd3 f5 11. f4 exf4 12. Nxf4 Nf6 13. Bd3 fxe4 14. Nxe4 Nxe4 15. Bxe4 Nf5 16. Ne6 Bxe6 17. dxe6 Bd4+ 18. Kh1 Qh4 19. Bxf5 Rxf5 20. Rxf5 gxf5 21. Bg5 Qe4 22. Qd2 Be5 23. Rf1 Qxc4 24. Rxf5 Qxe6 25. Rf1 Rf8 26. Rxf8+ Kxf8 27. b3 Qf5 28. Be3 Ke7 29. Bg1 Kd7 30. Qa5 a6 31. Qa4+ c6 32. Qb4 Kc8 33. Qb6 Qe4 34. b4 h5 35. a4 h4 36. h3 Qc4 37. Qf2 Qf4 38. Qb6 Qd2 39. b5 axb5 40. axb5 c5 41. Bxc5 dxc5 42. Qe6+ Qd7 43. Qxe5 1/2-1/2

[Event "25th Klatovy A 2017"]
[Site "Klatovy CZE"]
[Date "2017.07.08"]
[Round "8.36"]
[White "Cecil, Pavel"]
[Black "Paldus, Jan"]
[Result "1/2-1/2"]
[WhiteElo "1967"]
[BlackElo "1770"]
[PlyCount "92"]
[EventDate "2017.07.01"]
[EventType "swiss"]
[EventRounds "9"]
[EventCountry "CZE"]
[SourceTitle "EXT 2018"]
[Source "ChessBase"]
[SourceDate "2017.10.13"]
[SourceVersion "1"]
[SourceVersionDate "2017.10.13"]
[SourceQuality "1"]

1. d4 d5 2. c4 e6 3. Nf3 Nf6 4. Bg5 Be7 5. e3 O-O 6. Nc3 h6 7. Bh4 Ne4 8. Bxe7 Qxe7 9. Bd3 Nxc3 10. bxc3 dxc4 11. Bxc4 Nd7 12. O-O b6 13. e4 Bb7 14. e5 c5 15. Be2 Rfd8 16. a4 Rac8 17. Qb3 cxd4 18. cxd4 Bd5 19. Qb2 Bc4 20. Rfc1 Bxe2 21. Qxe2 f6 22. Qa6 Rxc1+ 23. Rxc1 Nb8 24. Qc4 Qd7 25. Kf1 Kf7 26. Ke2 Qb7 27. Qc7+ Qxc7 28. Rxc7+ Rd7 29. Rxd7+ Nxd7 30. Kd3 fxe5 31. Nxe5+ Nxe5+ 32. dxe5 a6 33. f4 g6 34. Kc4 h5 35. g3 Ke7 36. h3 Kd7 37. a5 b5+ 38. Kc5 Ke7 39. Kd4 Kf7 40. Kc5 Kg7 41. g4 hxg4 42. hxg4 Kf7 43. g5 Ke7 44. Kd4 Kd7 45. Kd3 Kc7 46. Kc3 Kc6 1/2-1/2

[Event "25th Klatovy A 2017"]
[Site "Klatovy CZE"]
[Date "2017.07.08"]
[Round "8.37"]
[White "Richter, Martin1"]
[Black "Nagy, Ladislav1"]
[Result "1/2-1/2"]
[WhiteElo "1945"]
[BlackElo "1812"]
[PlyCount "186"]
[EventDate "2017.07.01"]
[EventType "swiss"]
[EventRounds "9"]
[EventCountry "CZE"]
[SourceTitle "EXT 2018"]
[Source "ChessBase"]
[SourceDate "2017.10.13"]
[SourceVersion "1"]
[SourceVersionDate "2017.10.13"]
[SourceQuality "1"]

1. e4 c5 2. Nc3 Nc6 3. f4 e6 4. Nf3 g6 5. Bb5 Nd4 6. Nxd4 cxd4 7. Ne2 Bg7 8. c3 a6 9. Bd3 dxc3 10. bxc3 Ne7 11. Ba3 d6 12. Rb1 O-O 13. O-O f5 14. Ng3 Qc7 15. exf5 gxf5 16. Nh5 Bh8 17. Qb3 Kf7 18. Rf3 Rg8 19. Re1 Rg6 20. Rfe3 Qc6 21. Ng3 Nd5 22. Bxf5 exf5 23. Re7+ Kf8 24. Re8+ Kg7 25. c4 Nxf4 26. Qf3 Qxf3 27. gxf3 Nd3 28. R1e7+ Kf6 29. Bxd6 Bg7 30. Kf1 Kg5 31. Ke2 Rxd6 32. Rxg7+ Kh6 33. Rgg8 Nf4+ 34. Kd1 Rc6 35. Rd8 b5 36. c5 Ng6 37. d4 Ne7 38. Rge8 Ra7 39. d5 Rxc5 40. d6 Rd7 41. Rxd7 Bxd7 42. Rxe7 Rd5+ 43. Kc2 Rxd6 44. Re5 Rf6 45. f4 Kg6 46. h4 Bc6 47. Kc3 Be4 48. Kb4 Rd6 49. Nxe4 Rd4+ 50. Ka5 Ra4+ 51. Kb6 fxe4 52. Kc6 Rxa2 53. Kd6 Rf2 54. Rxe4 Kf5 55. Re7 Rxf4 56. Rxh7 Kg6 57. Rh8 Kg7 58. Rh5 Rf6+ 59. Kc5 Rh6 60. Rg5+ Kf7 61. h5 Rf6 62. Kb4 Rf1 63. Ka5 Ra1+ 64. Kb4 Ra4+ 65. Kc5 Rf4 66. Kb6 Rf6+ 67. Ka5 Rh6 68. Rc5 Kg7 69. Rc7+ Kf8 70. Rc5 Rf6 71. Rg5 Kf7 72. Kb4 Rf1 73. Ka5 Ra1+ 74. Kb4 Ra4+ 75. Kc5 Kf6 76. Rg6+ Kf5 77. Rd6 Ke5 78. Rd8 Kf6 79. Rd6+ Kg7 80. h6+ Kh7 81. Rb6 Rc4+ 82. Kd5 Ra4 83. Kc5 Ra1 84. Kd4 Ra2 85. Kc5 Ra4 86. Kd5 b4 87. Kc4 a5 88. Kb3 Ra3+ 89. Kb2 Rh3 90. Ra6 Ra3 91. Rb6 Kh8 92. Rb8+ Kh7 93. Rb6 Kh8 1/2-1/2

[Event "25th Klatovy A 2017"]
[Site "Klatovy CZE"]
[Date "2017.07.08"]
[Round "8.38"]
[White "Lhotsky, Zdenek"]
[Black "Odehnal, Jaroslav"]
[Result "1/2-1/2"]
[WhiteElo "1695"]
[BlackElo "1930"]
[PlyCount "56"]
[EventDate "2017.07.01"]
[EventType "swiss"]
[EventRounds "9"]
[EventCountry "CZE"]
[SourceTitle "EXT 2018"]
[Source "ChessBase"]
[SourceDate "2017.10.13"]
[SourceVersion "1"]
[SourceVersionDate "2017.10.13"]
[SourceQuality "1"]

1. e4 e5 2. Nf3 Nc6 3. Bb5 a6 4. Ba4 Nf6 5. Qe2 b5 6. Bb3 d6 7. c3 Be7 8. O-O O-O 9. Rd1 Re8 10. d4 Bf8 11. Bc2 Bg4 12. Bg5 h6 13. Bh4 g5 14. Bg3 Nh5 15. h3 Nxg3 16. fxg3 Bh5 17. Nbd2 exd4 18. g4 dxc3 19. gxh5 cxd2 20. Qxd2 Bg7 21. Bb3 Ne7 22. Rf1 Rf8 23. Rad1 c5 24. Nxg5 hxg5 25. Qxg5 Nc6 26. Qg3 Kh7 27. Bxf7 Ne5 28. Bg6+ Kh8 1/2-1/2

[Event "25th Klatovy A 2017"]
[Site "Klatovy CZE"]
[Date "2017.07.08"]
[Round "8.41"]
[White "Novak, Jaromir"]
[Black "Kantor, Jozef"]
[Result "1/2-1/2"]
[WhiteElo "1849"]
[BlackElo "1844"]
[PlyCount "21"]
[EventDate "2017.07.01"]
[EventType "swiss"]
[EventRounds "9"]
[EventCountry "CZE"]
[SourceTitle "EXT 2018"]
[Source "ChessBase"]
[SourceDate "2017.10.13"]
[SourceVersion "1"]
[SourceVersionDate "2017.10.13"]
[SourceQuality "1"]

1. d4 Nf6 2. c4 g6 3. g3 Bg7 4. Bg2 O-O 5. Nc3 d6 6. Nf3 Na6 7. O-O c5 8. d5 Bg4 9. Re1 Rb8 10. e4 Nc7 11. Rb1 1/2-1/2

[Event "25th Klatovy A 2017"]
[Site "Klatovy CZE"]
[Date "2017.07.08"]
[Round "8.42"]
[White "Vartazaryan, Gor"]
[Black "Skypala, Ondrej"]
[Result "1-0"]
[WhiteElo "1795"]
[BlackElo "1685"]
[PlyCount "79"]
[EventDate "2017.07.01"]
[EventType "swiss"]
[EventRounds "9"]
[EventCountry "CZE"]
[SourceTitle "EXT 2018"]
[Source "ChessBase"]
[SourceDate "2017.10.13"]
[SourceVersion "1"]
[SourceVersionDate "2017.10.13"]
[SourceQuality "1"]

1. e4 e5 2. Nf3 Nf6 3. Nxe5 d6 4. Nf3 Nxe4 5. d4 d5 6. Bd3 f5 7. Ne5 g6 8. Nd2 Bg7 9. Ndf3 O-O 10. O-O f4 11. c4 c6 12. Re1 Bxe5 13. Nxe5 Ng5 14. cxd5 cxd5 15. Bd2 Bf5 16. Bxf4 Bxd3 17. Bxg5 Qxg5 18. Qxd3 Nc6 19. Nxc6 bxc6 20. Rac1 Rae8 21. Rcd1 Qf4 22. f3 Rxe1+ 23. Rxe1 Rb8 24. Qc3 Qd6 25. a3 Kf7 26. b4 Re8 27. g3 Rxe1+ 28. Qxe1 Qf6 29. Qe3 Qf5 30. Kg2 Qc2+ 31. Kh3 Qf5+ 32. g4 Qc2 33. Qf4+ Kg7 34. Qe5+ Kg8 35. Qb8+ Kg7 36. Qxa7+ Kh6 37. Qc5 Qd3 38. Qf8+ Kg5 39. Kg3 Qe3 40. h4# 1-0

[Event "25th Klatovy A 2017"]
[Site "Klatovy CZE"]
[Date "2017.07.08"]
[Round "8.43"]
[White "Danek, Vaclav"]
[Black "Fox, Pierre"]
[Result "0-1"]
[WhiteElo "1953"]
[BlackElo "1761"]
[PlyCount "80"]
[EventDate "2017.07.01"]
[EventType "swiss"]
[EventRounds "9"]
[EventCountry "CZE"]
[SourceTitle "EXT 2018"]
[Source "ChessBase"]
[SourceDate "2017.10.13"]
[SourceVersion "1"]
[SourceVersionDate "2017.10.13"]
[SourceQuality "1"]

1. e4 e5 2. Nf3 Nc6 3. Bb5 Nge7 4. c3 a6 5. Ba4 g6 6. d3 Bg7 7. Bg5 O-O 8. Qd2 d6 9. Bh6 b5 10. Bxg7 Kxg7 11. Bc2 Re8 12. h3 d5 13. Qe2 dxe4 14. dxe4 Qd6 15. Nbd2 Be6 16. Ng5 Rad8 17. Nxe6+ Qxe6 18. Bb3 Qf6 19. Nf1 Na5 20. Bc2 Rd6 21. h4 h6 22. h5 Qg5 23. Ne3 Nc4 24. Nxc4 bxc4 25. g3 Red8 26. Rd1 Rxd1+ 27. Bxd1 Qc1 28. Qc2 Qg5 29. Be2 Ng8 30. hxg6 fxg6 31. Bxc4 Nf6 32. Bxa6 Qg4 33. Qe2 Qg5 34. O-O h5 35. Rd1 Rh8 36. Qc4 h4 37. Qxc7+ Kh6 38. Rd3 Qc1+ 39. Kg2 h3+ 40. Kf3 h2 0-1

[Event "25th Klatovy A 2017"]
[Site "Klatovy CZE"]
[Date "2017.07.09"]
[Round "9.1"]
[White "Neuman, Petr"]
[Black "Vorisek, Jaroslav"]
[Result "1-0"]
[WhiteElo "2442"]
[BlackElo "2185"]
[PlyCount "79"]
[EventDate "2017.07.01"]
[EventType "swiss"]
[EventRounds "9"]
[EventCountry "CZE"]
[SourceTitle "EXT 2018"]
[Source "ChessBase"]
[SourceDate "2017.10.13"]
[SourceVersion "1"]
[SourceVersionDate "2017.10.13"]
[SourceQuality "1"]

1. e4 e5 2. Nf3 Nc6 3. c3 Nf6 4. d3 a5 5. Nbd2 Bc5 6. Be2 d5 7. O-O O-O 8. b3 Re8 9. a3 d4 10. c4 g6 11. Ne1 Bf8 12. g3 Bh3 13. Ng2 Qd7 14. Nf3 Qe7 15. Kh1 Rad8 16. Ng1 Bc8 17. Bg5 Bg7 18. Qd2 Qf8 19. f4 Qd6 20. b4 axb4 21. axb4 exf4 22. c5 Qe6 23. gxf4 Ne7 24. Bf3 h6 25. Bh4 Nh7 26. Rae1 Qb3 27. Rb1 Qc3 28. Qd1 Be6 29. f5 gxf5 30. exf5 Nxf5 31. Bxd8 Rxd8 32. Ne2 Qa3 33. Nef4 Ne3 34. Qc1 Qxc1 35. Rfxc1 c6 36. Nxe6 fxe6 37. b5 Ng5 38. Nxe3 Nxf3 39. Nc4 e5 40. Nd6 1-0

[Event "25th Klatovy A 2017"]
[Site "Klatovy CZE"]
[Date "2017.07.09"]
[Round "9.2"]
[White "Krutsky, Martin"]
[Black "Lacina, Adolf"]
[Result "1-0"]
[WhiteElo "2045"]
[BlackElo "2237"]
[PlyCount "109"]
[EventDate "2017.07.01"]
[EventType "swiss"]
[EventRounds "9"]
[EventCountry "CZE"]
[SourceTitle "EXT 2018"]
[Source "ChessBase"]
[SourceDate "2017.10.13"]
[SourceVersion "1"]
[SourceVersionDate "2017.10.13"]
[SourceQuality "1"]

1. e4 e6 2. d4 d5 3. e5 c5 4. c3 Qb6 5. Nf3 Nc6 6. a3 Bd7 7. Be2 Rc8 8. O-O Nh6 9. b4 cxd4 10. cxd4 Nf5 11. Be3 Be7 12. Qd2 a6 13. Nc3 Na7 14. Bd3 Nxe3 15. fxe3 O-O 16. Kh1 Bb5 17. Nxb5 Nxb5 18. h4 Nc3 19. Qf2 Ne4 20. Bxe4 dxe4 21. Nh2 f5 22. exf6 Rxf6 23. Qg3 Qd6 24. Qg4 Qd5 25. Rxf6 Bxf6 26. Rf1 Kf7 27. h5 h6 28. Qg6+ Ke7 29. Ng4 Qg5 30. Qxe4 Qxh5+ 31. Kg1 Rc6 32. Nxf6 gxf6 33. Qh7+ Kd6 34. Qh8 Kc7 35. Qxf6 Kb6 36. a4 Ka7 37. Rb1 Qe2 38. Qxh6 e5 39. Qg5 Qd3 40. Re1 Rg6 41. Qxe5 Qd2 42. Qc5+ Ka8 43. Qf8+ Ka7 44. Qf2 Qxb4 45. e4 Rf6 46. Qe3 Qxa4 47. d5+ Ka8 48. e5 Rf8 49. e6 Qb4 50. e7 Re8 51. Qe5 Qc5+ 52. Kh1 Qc8 53. d6 Qd7 54. Qe6 Qb5 55. d7 1-0

[Event "25th Klatovy A 2017"]
[Site "Klatovy CZE"]
[Date "2017.07.09"]
[Round "9.3"]
[White "Formanek, Martin"]
[Black "Burnett, Andrew"]
[Result "0-1"]
[WhiteElo "2273"]
[BlackElo "2211"]
[PlyCount "94"]
[EventDate "2017.07.01"]
[EventType "swiss"]
[EventRounds "9"]
[EventCountry "CZE"]
[SourceTitle "EXT 2018"]
[Source "ChessBase"]
[SourceDate "2017.10.13"]
[SourceVersion "1"]
[SourceVersionDate "2017.10.13"]
[SourceQuality "1"]

1. d4 Nf6 2. c4 g6 3. Nc3 Bg7 4. e4 O-O 5. Nf3 d6 6. Be2 Bg4 7. O-O Nfd7 8. Be3 e5 9. d5 a5 10. Ne1 Bxe2 11. Qxe2 Na6 12. f3 f5 13. Nd3 Qh4 14. Bf2 Qe7 15. b3 Nf6 16. Bh4 Bh6 17. g4 fxg4 18. fxg4 Bg7 19. h3 Qd7 20. Rf3 h6 21. Raf1 Nh7 22. a3 Rxf3 23. Rxf3 Bf8 24. Qf2 Nb8 25. c5 Be7 26. Kg2 Bxh4 27. Qxh4 Kg7 28. Rf1 Ng5 29. Qf2 Qe7 30. h4 Nh7 31. Kg3 Nd7 32. cxd6 cxd6 33. Rc1 Nhf6 34. Qe3 Rc8 35. Ne2 Qd8 36. b4 axb4 37. axb4 Rxc1 38. Nexc1 Qc8 39. Nf2 Qc4 40. Ncd3 Qb5 41. h5 gxh5 42. g5 hxg5 43. Qxg5+ Kf7 44. Ne1 Qf1 45. Qe3 Ke7 46. Nf3 Qxf2+ 47. Qxf2 Nxe4+ 0-1

[Event "25th Klatovy A 2017"]
[Site "Klatovy CZE"]
[Date "2017.07.09"]
[Round "9.3"]
[White "Jurek, Josef"]
[Black "Nomin Erdene, Davaademberel"]
[Result "1/2-1/2"]
[WhiteElo "2263"]
[BlackElo "2373"]
[PlyCount "96"]
[EventDate "2017.07.01"]
[EventType "swiss"]
[EventRounds "9"]
[EventCountry "CZE"]
[SourceTitle "EXT 2018"]
[Source "ChessBase"]
[SourceDate "2017.10.13"]
[SourceVersion "1"]
[SourceVersionDate "2017.10.13"]
[SourceQuality "1"]

1. c4 c6 2. d4 d5 3. Nf3 Nf6 4. e3 e6 5. Bd3 dxc4 6. Bxc4 c5 7. dxc5 Qxd1+ 8. Kxd1 Bxc5 9. a3 a6 10. b4 Be7 11. Bb2 a5 12. bxa5 Rxa5 13. Nbd2 Bd7 14. Ke2 O-O 15. Bd3 Nd5 16. Rhc1 Rd8 17. g3 Ra7 18. e4 Nf6 19. Nc4 Bc6 20. Nfd2 Nbd7 21. Bd4 Bc5 22. Bb2 Ra4 23. f3 Be7 24. Nb3 Bb5 25. Ne5 Bxd3+ 26. Nxd3 b6 27. Nd4 Rda8 28. Rc7 Bd6 29. Rb7 Ne5 30. Nb5 Nxd3 31. Kxd3 Bc5 32. Bc3 h6 33. Rb1 Bxa3 34. Rxb6 Rd8+ 35. Kc2 Bf8 36. Rb7 Ra2+ 37. Bb2 Raa8 38. Ra1 Rac8+ 39. Nc3 Rd7 40. Raa7 Rcd8 41. Rxd7 Nxd7 42. Ne2 Rc8+ 43. Kd1 Nb6 44. Ba3 Bxa3 45. Rxa3 Nd7 46. Ke1 Ne5 47. Kf2 Rc2 48. Rb3 Ra2 1/2-1/2

[Event "25th Klatovy A 2017"]
[Site "Klatovy CZE"]
[Date "2017.07.09"]
[Round "9.5"]
[White "Miesbauer, Jan"]
[Black "Bujnoch, Radek"]
[Result "1/2-1/2"]
[WhiteElo "2186"]
[BlackElo "2261"]
[PlyCount "120"]
[EventDate "2017.07.01"]
[EventType "swiss"]
[EventRounds "9"]
[EventCountry "CZE"]
[SourceTitle "EXT 2018"]
[Source "ChessBase"]
[SourceDate "2017.10.13"]
[SourceVersion "1"]
[SourceVersionDate "2017.10.13"]
[SourceQuality "1"]

1. e4 c5 2. Nf3 Nc6 3. Bb5 g6 4. O-O Bg7 5. c3 Nf6 6. Re1 O-O 7. h3 Qb6 8. Ba4 Rd8 9. e5 Nd5 10. Bb3 Nc7 11. d3 Ne6 12. Na3 Na5 13. Nc4 Nxc4 14. Bxc4 d5 15. Bb3 d4 16. Qe2 Qa6 17. a4 b5 18. Ra2 b4 19. cxb4 cxb4 20. Bc4 Qa5 21. b3 Ba6 22. Rc2 Rac8 23. Bxe6 fxe6 24. Rxc8 Rxc8 25. Bb2 Rc3 26. Nxd4 Rxd3 27. Nc6 Qc5 28. Nb8 Qd5 29. Nxa6 Rd2 30. Qg4 Rxb2 31. Nxb4 Qxb3 32. Re3 Rb1+ 33. Kh2 Bxe5+ 34. Rxe5 Qxb4 35. Qxe6+ Kf8 36. g3 Rb2 37. Kg2 Qb7+ 38. Qd5 Qxd5+ 39. Rxd5 Rb6 40. Ra5 a6 41. h4 Re6 42. g4 h6 43. f3 Kf7 44. Kf2 Rb6 45. Kg3 Rc6 46. h5 g5 47. Kf2 e6 48. Re5 Rc4 49. Ra5 Rc6 50. Ke3 Ke7 51. Re5 Kd6 52. Re4 Rc3+ 53. Kf2 Ra3 54. Rb4 a5 55. Rb6+ Ke5 56. Rb7 Rxa4 57. Rh7 Kf4 58. Rf7+ Ke5 59. Rh7 Kf4 60. Rf7+ Ke5 1/2-1/2

[Event "25th Klatovy A 2017"]
[Site "Klatovy CZE"]
[Date "2017.07.09"]
[Round "9.6"]
[White "Furman, Boris"]
[Black "Hausner, Ivan"]
[Result "1/2-1/2"]
[WhiteElo "2177"]
[BlackElo "2363"]
[PlyCount "130"]
[EventDate "2017.07.01"]
[EventType "swiss"]
[EventRounds "9"]
[EventCountry "CZE"]
[SourceTitle "EXT 2018"]
[Source "ChessBase"]
[SourceDate "2017.10.13"]
[SourceVersion "1"]
[SourceVersionDate "2017.10.13"]
[SourceQuality "1"]

1. d4 d6 2. c4 e5 3. Nf3 exd4 4. Nxd4 g6 5. Nc3 Bg7 6. Bf4 Nd7 7. e3 Ngf6 8. h3 O-O 9. Be2 Nc5 10. O-O Nfe4 11. Nxe4 Nxe4 12. Qc2 Re8 13. Rad1 Qe7 14. b4 a6 15. Bf3 Ng5 16. Bg4 Bxg4 17. hxg4 Ne6 18. Nxe6 Qxe6 19. f3 a5 20. b5 b6 21. a4 Be5 22. Bxe5 Qxe5 23. Rfe1 Qg3 24. Qf2 Qxf2+ 25. Kxf2 Re5 26. Rd5 Rae8 27. e4 Kg7 28. Red1 Kf6 29. Ke3 R5e7 30. Rh1 Kg7 31. g5 Rh8 32. g4 Re6 33. Rd2 Re5 34. Rd5 Re7 35. Rd2 f6 36. gxf6+ Kxf6 37. Rd5 g5 38. Rf5+ Kg6 39. Rh5 h6 40. Rfxg5+ hxg5 41. Rxh8 Rf7 42. Rh3 Rf8 43. Kd4 Re8 44. Ke3 Kg7 45. Rh5 Kg6 46. f4 gxf4+ 47. Kxf4 Rf8+ 48. Rf5 Rh8 49. e5 dxe5+ 50. Rxe5 Kf7 51. c5 Rh1 52. cxb6 cxb6 53. Rh5 Ra1 54. Rh6 Rxa4+ 55. Kf5 Rc4 56. Rc6 Rd4 57. Rxb6 Rd5+ 58. Ke4 Rg5 59. Kf4 Rc5 60. Rb7+ Ke6 61. g5 Rc4+ 62. Ke3 Kf5 63. Kd3 Rb4 64. Kd2 Rc4 65. Ke3 Ke5 1/2-1/2

[Event "25th Klatovy A 2017"]
[Site "Klatovy CZE"]
[Date "2017.07.09"]
[Round "9.7"]
[White "Palek, Miroslav"]
[Black "Weber, Dirk"]
[Result "0-1"]
[WhiteElo "2174"]
[BlackElo "2269"]
[PlyCount "82"]
[EventDate "2017.07.01"]
[EventType "swiss"]
[EventRounds "9"]
[EventCountry "CZE"]
[SourceTitle "EXT 2018"]
[Source "ChessBase"]
[SourceDate "2017.10.13"]
[SourceVersion "1"]
[SourceVersionDate "2017.10.13"]
[SourceQuality "1"]

1. e4 c5 2. Nf3 e6 3. d3 Nc6 4. c3 d5 5. Nbd2 Nf6 6. Be2 Be7 7. O-O O-O 8. Re1 Qc7 9. Qc2 b6 10. Bf1 a5 11. e5 Nd7 12. d4 Re8 13. Bb5 Nf8 14. Nf1 Bd7 15. Qe2 Ng6 16. a3 a4 17. Bd3 Na5 18. Bg5 f6 19. Bd2 Bf8 20. h4 Ne7 21. exf6 gxf6 22. Ng3 Kh8 23. Nh5 Ng8 24. Bc2 Nc4 25. Bf4 Bd6 26. Bxd6 Qxd6 27. Nd2 Nxd2 28. Qxd2 Re7 29. Re3 Be8 30. Ng3 Rg7 31. Qe2 Bf7 32. Nh5 Bxh5 33. Qxh5 cxd4 34. cxd4 Rc8 35. Qe2 Qf4 36. Bd3 Qxd4 37. Rxe6 Qxh4 38. Qf3 Qd4 39. Qe2 Rg5 40. Re1 Rc7 41. Re8 Rcg7 0-1

[Event "25th Klatovy A 2017"]
[Site "Klatovy CZE"]
[Date "2017.07.09"]
[Round "9.8"]
[White "Novotny, Michal"]
[Black "Zeman, Matyas"]
[Result "1/2-1/2"]
[WhiteElo "2264"]
[BlackElo "2166"]
[PlyCount "59"]
[EventDate "2017.07.01"]
[EventType "swiss"]
[EventRounds "9"]
[EventCountry "CZE"]
[SourceTitle "EXT 2018"]
[Source "ChessBase"]
[SourceDate "2017.10.13"]
[SourceVersion "1"]
[SourceVersionDate "2017.10.13"]
[SourceQuality "1"]

1. e4 c5 2. Nc3 Nc6 3. Nf3 g6 4. Bb5 Bg7 5. O-O a6 6. Bxc6 bxc6 7. d3 d6 8. Qe1 e5 9. Na4 h6 10. b4 cxb4 11. Qxb4 c5 12. Qb6 Bd7 13. Qxd8+ Kxd8 14. Nb6 Rb8 15. Nxd7 Kxd7 16. Nd2 Ne7 17. Ba3 Nc6 18. c3 Ke6 19. Rfb1 Rxb1+ 20. Rxb1 Rb8 21. Rxb8 Nxb8 22. Nc4 Nc6 23. Nb6 Bf6 24. Kf1 Bd8 25. Nd5 Ne7 26. Nxe7 Bxe7 27. Ke2 d5 28. Kd1 dxe4 29. dxe4 c4 30. Bc1 1/2-1/2